000 00648nam a2200277Ia 4500
005 20260324150433.0
008 008 260324s9999 xx 000 0 eng d
020 _a9781003135951
037 _aEBOOK
040 _aCRL
040 _beng
040 _cCRL
041 _2eng
041 _aeng
084 _qCRL
100 _aChie Nakane
_91226414
245 0 _aKinship and Economic Organisation in Rural Japan
260 _bTaylor and Francis
260 _c1967
365 _a
365 _b180
856 _uhttp://www.taylorfrancis.com/books/9781003135951
942 _cEBOOK
999 _c1835859
_d1835859